LDR 01221naa#a2200253#i#450# 001 EN\\bibl\121082 005 20260512192844.2 011 ## _a0235-2524 100 ## _a20260512b2026####ek#y0engy0150####ca 102 ## _aRU 200 1# _aWater use planning functions in irrigation systems using modern IT technologies _eJournal article 210 1# _aMoscow _cANO Editorial Board Melioration and water management _d2026 215 ## _a0 с. 606 ## _aСельское хозяйство. 35.06.01 _2local 608 ## _aJournal article _2local 675 ## _aРаспределение воды. Регулирование расхода воды. Водооборот. Повторное использование воды. 626.824 _z 686 ## _aЕстественнонаучные и технические основы сельского хозяйства. 40 _2bbk 686 ## _aСельскохозяйственная мелиорация. 5607 _2tbk 686 ## _aСельскохозяйственная мелиорация. 68.31 _2grnti 700 #1 _aOl'garenko _gVladimir Ivanovich 700 #1 _aOl'garenko _gI. V. 700 #1 _aKorzhov _gIvan Viktorovich 700 #1 _aOl'garenko _gVladimir Igorevich 856 4# _amivh.editorum.ru _u